000 00414nam a2200157Ia 4500
005 20250624133558.0
008 250624s9999 xx 000 0 und d
020 _a9780192801784
082 _a909.825
_bMAC
100 _aMcMahon, Robert J.
245 4 _aThe Cold War: A Very Short Introduction
260 _bOxford University Press, USA
_c2003
300 _a201 pages
650 _aHistory
942 _cENGLISH
999 _c573758
_d573758